Data analysis using Microsoft Excel : Updated for Office XP

Uloženo v:
Podrobná bibliografie
Hlavní autor: Middleton, Michael R.
Médium: Kniha
Jazyk:Undetermined
Vydáno: Belmont, CA. Thomson, Brooks/Cole 2004
Témata:
Tagy: Přidat tag
Žádné tagy, Buďte první, kdo otaguje tento záznam!
Thư viện lưu trữ: Trung tâm Học liệu Trường Đại học Cần Thơ
LEADER 00660nam a2200217Ia 4500
001 CTU_122342
008 210402s9999 xx 000 0 und d
020 |c 54.95 
082 |a 005.369 
082 |b M629 
100 |a Middleton, Michael R. 
245 0 |a Data analysis using Microsoft Excel : 
245 0 |b Updated for Office XP 
245 0 |c Michael R. Middleton 
260 |a Belmont, CA. 
260 |b Thomson, Brooks/Cole 
260 |c 2004 
650 |a Microsoft Excel (Computer file),Business,Commercial statistics 
650 |x Computer programs.,Computer programs. 
904 |i Minh 
980 |a Trung tâm Học liệu Trường Đại học Cần Thơ